Communication disorders (Record no. 57149)
[ view plain ]
| 000 -LEADER | |
|---|---|
| fixed length control field | 00462nam a2200181Ia 4500 |
| 001 - CONTROL NUMBER | |
| control field | 59821 |
| 008 - FIXED-LENGTH DATA ELEMENTS--GENERAL INFORMATION | |
| fixed length control field | 140520s9999 xx 000 0 und d |
| 020 ## - INTERNATIONAL STANDARD BOOK NUMBER | |
| International Standard Book Number | 9780230285064 |
| 040 ## - CATALOGING SOURCE | |
| Transcribing agency | PK-LaUMT |
| 082 ## - DEWEY DECIMAL CLASSIFICATION NUMBER | |
| Classification number | 616.855 |
| Item number | CUN-C |
| 100 ## - MAIN ENTRY--PERSONAL NAME | |
| Personal name | Cummings, Louise |
| 245 ## - TITLE STATEMENT | |
| Title | Communication disorders |
| Statement of responsibility, etc | Cummings, Louise |
| 260 ## - PUBLICATION, DISTRIBUTION, ETC. (IMPRINT) | |
| Place of publication, distribution, etc | New York,USA: |
| Name of publisher, distributor, etc | Palgrave Macmillan, |
| Date of publication, distribution, etc | 2014 |
| 300 ## - PHYSICAL DESCRIPTION | |
| Extent | 207 p. |
| 546 ## - LANGUAGE NOTE | |
| Language note | EN |
| 650 ## - SUBJECT ADDED ENTRY--TOPICAL TERM | |
| Topical term or geographic name as entry element | Communication disorders |
| 942 ## - ADDED ENTRY ELEMENTS (KOHA) | |
| Koha item type | Books |
| Withdrawn status | Lost status | Source of classification or shelving scheme | Damaged status | Not for loan | Home library | Current library | Date acquired | Total Checkouts | Full call number | Barcode | Date last seen | Price effective from | Koha item type | Date checked out |
|---|---|---|---|---|---|---|---|---|---|---|---|---|---|---|
| Dewey Decimal Classification | UMT Main Campus | UMT Main Campus | 2014-05-20 | 616.855 CUN-C | 81820 | 2014-05-21 | 2014-05-21 | Books | ||||||
| Dewey Decimal Classification | UMT Main Campus | UMT Main Campus | 2014-06-28 | 1 | 616.855 CUN-C | 81835 | 2017-09-26 | 2014-06-28 | Books | 2017-09-19 |
